000 00216nam a2200097Ia 4500
005 20251222114409.0
008 251222s1900||||xx |||||||||||||| ||spa||
082 _aDVD0110/B58/2007
245 0 _aRatatoulle:
942 _cDVD
999 _c1970
_d1970